000 00476nam a2200133Ia 4500
008 220615s9999||||xx |||||||||||||| ||und||
100 _aBubbico, Rocco L.||Bending, Tim
245 0 _aThree foundations
_bA competitive, sustainable, inclusive Europe
546 _aEnglish[eng]
650 _aBusiness & Economics||Finance||General
700 _aInvestment Bank, European
856 _uhttps://library.oapen.org/bitstream/20.500.12657/43363/1/external_content.epub
942 _cEB
999 _c16573
_d16573